|
|
|
|
| LEADER |
00000cam a2200000 7i4500 |
| 001 |
0000003110 |
| 005 |
20040527.0 |
| 020 |
0 |
0 |
|a 9679311163
|
| 090 |
0 |
0 |
|a 005.7025
|b DIR 2001
|
| 245 |
0 |
0 |
|a DIREKTORI laman web jabatan dan agensi kerajaan Malaysia
|
| 260 |
0 |
0 |
|a Kuala Lumpur :
|b Perpustakaan Negara Malaysia ,
|c 2001
|
| 300 |
|
|
|a vi, 98 p. :
|b col. ill. ;
|c 30 cm.
|
| 650 |
0 |
0 |
|a Administrative agencies
|z Malaysia
|x Computer network resources
|x Directories
|
| 650 |
0 |
0 |
|a Internet addresses
|x Directories
|
| 650 |
0 |
0 |
|a Web sites
|z Malaysia
|x Directories
|
| 710 |
1 |
1 |
|a Perpustakaan Negara Malaysia
|
| 998 |
|
|
|a JPSM
|
| 999 |
|
|
|a 0000005579
|b Monograph
|c Open Shelf
|e Default branch
|